| 000 | 00710nam a22002657i 4500 | ||
|---|---|---|---|
| 003 | DO-SdBNP | ||
| 005 | 20230614102908.0 | ||
| 007 | ta | ||
| 008 | 230601b2022 sp ||||| |||| 00| 0 spa d | ||
| 020 | _a9789945181623 | ||
| 040 |
_aDO-SdBNP _bspa _cBNPHU _erda |
||
| 082 | 4 |
_bV297r _222 |
|
| 100 | _983492 | ||
| 245 | 1 | 3 |
_aRenacer en venganavé / _cMercedes De Vargas Castro |
| 264 | 4 |
_aSanto Domingo : _bEGRAF-M, _c2022. |
|
| 300 |
_a464 páginas ; _c24 cm. |
||
| 336 |
_2rdacontent _atexto _btxt |
||
| 337 |
_2rdamedia _asin mediación _bn |
||
| 338 |
_2rdacarrier _avolumen _bnc |
||
| 490 | _aAcción literaria | ||
| 590 | _aInventariado, 2023/DG | ||
| 700 | _969986 | ||
| 910 | _aDG | ||
| 942 |
_2ddc _cLBS1 |
||
| 999 |
_c53819 _d53819 |
||